| 000 | 00973cam a22001934a 4500 | ||
|---|---|---|---|
| 005 | 20250605164055.0 | ||
| 008 | 250528s ||||||||||||||||||||||||d | ||
| 035 | _a17450 | ||
| 040 |
_aGR-AtMCL _bgre _dGR-AtMCL _eAACR2 |
||
| 245 | 1 | _aΕισαγωγή στη Γεωδαισία | |
| 260 |
_bΕθνικό Μετσόβιο Πολυτεχνείο, _c1991 |
||
| 300 | _a140 | ||
| 520 | _aΕ.Μ.Π. - Τμήμα Αγρονόμων και Τοπογράφων Μηχανικών - Τομέας Τοπογραφίας. Εισαγωγή, Προκαταρκτικά Στοιχεία και Βασικοί Υπολογισμοί, Στοιχεία από τη Θεωρία Σφαλμάτων, Αποτυπ'ώσεις Μικρών Εκτάσεων, Υπολογισμός Εμβαδών, Βιβλιογραφία. | ||
| 700 | 1 |
_aΑγατζάς-Μπαλοδήμος Α. Μ _93598 |
|
| 700 | 1 |
_aΜπαλοδήμος Δ.Δ _93599 |
|
| 942 | _cBK | ||
| 999 |
_c2866 _d2866 |
||